Women and families : an oral history, 1940-1970

Αποθηκεύτηκε σε:
Λεπτομέρειες βιβλιογραφικής εγγραφής
Κύριος συγγραφέας: Roberts, Elizabeth (Elizabeth Mauchline)
Μορφή: Βιβλίο
Γλώσσα:English
Δημοσίευση: Oxford, UK : Blackwell, 1995
Σειρά:Family, sexuality and social relations in past times
Θέματα:
Ετικέτες: Προσθήκη ετικέτας
Δεν υπάρχουν, Καταχωρήστε ετικέτα πρώτοι!

MARC

LEADER 00000nam a2200000 i 4500
001 1/89474
008 080624s1995 eng d
020 |a 978-0-631-19613-6 (pbk.) 
020 |a 0-631-19613-7 (pbk.) 
035 |l 10098379 
040 |a GR-MY-UA  |b gre  |e aacr 
041 0 |a eng 
082 0 |a 305.40942  |2 (22) 
100 1 |a Roberts, Elizabeth  |q (Elizabeth Mauchline) 
245 1 0 |a Women and families :  |b an oral history, 1940-1970 /  |c Elizabeth Roberts 
260 |a Oxford, UK :   |b Blackwell,   |c 1995 
300 |a xi, 277 σ.;  |b εικ., πίν.;  |c 23 εκ. 
490 1 |a Family, sexuality and social relations in past times 
504 |a Βιβλιογραφία: σ. 268-272 
504 |a Ευρετήριο: σ. 273-277 
650 0 0 |a Working class women  |z England  |x History  |y 20th century. 
650 0 0 |a Working class families  |z England  |x History  |y 20th century. 
830 0 |a Family, sexuality and social relations in past times 
852 |a INST  |b LESVOS  |e 20080624  |h 305.40942 ROB  |p 005100042250  |q 005100042250  |t BK  |y 0 
901 |a BIBL1-2008-2 
909 |a Λ  |b 143733 
922 |a 1ΕΛΗ  |b 200712  |c ΕΠΕΑΕΚ2/ΤΚΑ  |d ΕΛΕΥΘΕΡΟΥΔΑΚΗΣ 
970 |a ΓΙΑΛΜΑ  |b ΜΑΡΙΑ  |z 2008/06/24